धग (सुरवात व शेवट नाही ) (Record no. 409968)

MARC details
000 -LEADER
fixed length control field 00524nam a2200145Ia 4500
008 - FIXED-LENGTH DATA ELEMENTS--GENERAL INFORMATION
fixed length control field 100122s9999 xx 000 0 und d
082 ## - DEWEY DECIMAL CLASSIFICATION NUMBER
Item number 22014
Classification number 823
100 ## - MAIN ENTRY--PERSONAL NAME
Personal name शेळके उध्दव ज
245 ## - TITLE STATEMENT
Title धग (सुरवात व शेवट नाही )
260 ## - PUBLICATION, DISTRIBUTION, ETC. (IMPRINT)
Name of publisher, distributor, etc पॉप्युलर प्रकाशन
Date of publication, distribution, etc 1973
300 ## - PHYSICAL DESCRIPTION
Extent 250
630 ## - SUBJECT ADDED ENTRY--UNIFORM TITLE
Uniform title धग (सुरवात व शेवट नाही )
730 ## - ADDED ENTRY--UNIFORM TITLE
Uniform title धग (सुरवात व शेवट नाही )
942 ## - ADDED ENTRY ELEMENTS (KOHA)
Koha item type Book
Holdings
Withdrawn status Lost status Damaged status Not for loan Home library Current library Date acquired Cost, normal purchase price Total Checkouts Full call number Barcode Date last seen Cost, replacement price Price effective from Koha item type Public note
        S.V. Pathak Library, Vile Parle S.V. Pathak Library, Vile Parle 06/23/1975 12.00   22014 SVPPARLE-22014 01/25/2010 12.00 01/25/2010 Book 7)रद्द General Cancelled